| 000 | 00734nam a2200217 a 4500 | ||
|---|---|---|---|
| 005 | 20240906063718.0 | ||
| 008 | 991125s1985 es 000 0 spa u | ||
| 020 | _a8486235421 | ||
| 035 | _aUPN01000020521 | ||
| 049 | _aCG | ||
| 050 | 4 |
_aLB1733 _bF5 no.17 |
|
| 100 | 1 |
_aMolina García, Santiago _929352 |
|
| 245 | 1 | 3 |
_aLa escalera 2 : _bprograma de ejercitación de la orientación especial y del dominio del esquema corporal : nivel de adiestramiento madurativo / _cSantiago Molina García. |
| 260 |
_aMadrid : _bCEPE, _c1985. |
||
| 300 |
_a104 p. : _bil. |
||
| 440 | 0 |
_aFichas de preescolar especial ; _v17 |
|
| 650 | 4 |
_aDesarrollo infantil _9176 |
|
| 650 | 4 |
_aEducación especial _93029 |
|
| 905 | _aLibro | ||
| 999 |
_c20521 _d20521 |
||